MDQL
is popping MORE tags! Check the
thread
!
Quizzes
Events
Quiz Creation
Community
Videos
Private Events
Remove Ads
Sign In
Join for FREE
Feedback
Dark Mode
Quiz Categories
Sports
Geography
Music
Movies
Television
Just For Fun
Miscellaneous
History
Literature
Language
Science
Gaming
Entertainment
Religion
Holiday
For Kids
Quiz Lab
Recent
Popular Today
Quiz Kudos Today
Editor Picks
Curator Picks
Quizzes by...
Day
Popularity
Type
Ratings
Length
Year
Community
Subscriptions
Recent Discussions
Orange Saloon
Badges
Playlists
Quests
Create
Leaderboards
Showdown
Live 5
Trivia Bingo
Activity
Puzzle Library
Sporcle Events
Private Events
Virtual Trivia
Globe League
Become a Host
Pub Owners
SporcleCon
Opinionation
Our Games
Videos
Blog
Mobile Apps
Partnerships
Remove Ads and Go Orange
Feedback
Sports
Athletes
MLB
NBA
NHL
NFL
Soccer
Sports Teams
WWE
NCAA
Football
Premier League
Basketball
Baseball
Hockey
Golf
Tennis
Cricket
Rugby
Auto Racing
Olympics
World Cup
Sports
Athletes
MLB
NBA
NHL
NFL
Soccer
Sports Teams
WWE
NCAA
Football
Premier League
Basketball
Baseball
Hockey
Golf
Tennis
Cricket
Rugby
Auto Racing
Olympics
World Cup
Random Quiz
Search Sporcle
×
Quiz Lab
Quiz Lab
Sports
Auburn University
Type in answers that appear in a list
Type in answers that appear in a list
Classic
Best Score? Go Orange.
Auburn Football - Receiving TDs 2004-2013 Stats
Can you name the Auburn Football - Players to score a Rec TD 2004-2013
By
marcC0RBI
10m
73 Questions
235 Plays
235 Plays
235 Plays
Comments
Comments
Give Quiz Kudos
Give Quiz Kudos
-
- Ratings
hide this ad
More Info
Replay
Link that replays current quiz
Next Quiz
Link to next quiz in quiz playlist
You Got
0%
They Got
Avg Score
42%
Avg Friend Score
Upgrade to see
Score Distribution
Jump to the score distribution portion of the page
Score
0/73
Timer
10:00
0
Plays Today
Hint
Answer
% Correct
2013 (7)
Sammie Coates
83.8%
2012 (2)
Sammie Coates
83.8%
2010 (1)
Cam Newton
70.6%
2004 (1)
Carnell Williams
70.6%
2010 (7)
Darvin Adams
69.8%
2009 (10)
Darvin Adams
69.8%
2013 (1)
Tre Mason
68.5%
2011 (7)
Philip Lutzenkirchen
62.6%
2010 (5)
Philip Lutzenkirchen
62.6%
2009 (2)
Philip Lutzenkirchen
62.6%
2008 (1)
Rod Smith
61.3%
2007 (5)
Rod Smith
61.3%
2006 (4)
Rod Smith
61.3%
2006 (1)
Tre Smith
61.3%
2005 (1)
Tre Smith
61.3%
2004 (1)
Ronnie Brown
60.9%
2009 (1)
Eric Smith
60.4%
2006 (2)
Courtney Taylor
60%
2005 (1)
Courtney Taylor
60%
2004 (6)
Courtney Taylor
60%
2010 (1)
Kodi Burns
59.6%
2009 (1)
Kodi Burns
59.6%
2013 (1)
Marcus Davis
58.3%
2013 (2)
Ricardo Louis
57.9%
2012 (3)
Emory Blake
57.9%
2011 (5)
Emory Blake
57.9%
2010 (8)
Emory Blake
57.9%
2013 (3)
CJ Uzomah
57.4%
2012 (1)
CJ Uzomah
57.4%
2010 (4)
Terrell Zachery
54%
2009 (5)
Terrell Zachery
54%
2013 (3)
Quan Bray
51.9%
2005 (5)
Ben Obomanu
51.5%
2004 (7)
Ben Obomanu
51.5%
2005 (4)
Devin Aromashodu
41.7%
2005 (2)
Anthony Mix
39.6%
2004 (3)
Anthony Mix
39.6%
Hint
Answer
% Correct
2010 (2)
Mario Fannin
37.4%
2009 (3)
Mario Fannin
37.4%
2008 (2)
Mario Fannin
37.4%
2007 (2)
Mario Fannin
37.4%
2009 (2)
Tommy Trott
36.6%
2006 (2)
Tommy Trott
36.6%
2008 (1)
Brad Lester
33.2%
2006 (1)
Brad Lester
33.2%
2005 (1)
Brad Lester
33.2%
2013 (1)
Melvin Ray
32.3%
2012 (1)
Trovon Reed
31.9%
2011 (2)
Onterio McCalebb
30.2%
2010 (1)
Onterio McCalebb
30.2%
2013 (1)
Jay Prosch
27.2%
2006 (1)
Prechae Rodriguez
26%
2005 (1)
Prechae Rodriguez
26%
2011 (1)
Quindarius Carr
25.5%
2010 (2)
Quindarius Carr
25.5%
2009 (1)
Quindarius Carr
25.5%
2005 (1)
Cooper Wallace
25.5%
2013 (1)
Tony Stevens
25.1%
2005 (2)
Cole Bennett
22.6%
2008 (2)
Robert Dunn
19.6%
2007 (2)
Robert Dunn
19.6%
2004 (1)
Silas Daniels
19.6%
2011 (1)
DeAngelo Benton
18.3%
2008 (1)
Chris Slaughter
16.6%
2007 (1)
Montez Billings
15.3%
2006 (2)
Carl Stewart
14.9%
2012 (1)
Kiehl Frazier
13.6%
2004 (1)
Jamoga Ramsey
13.2%
2007 (2)
Gabe McKenzie
12.8%
2006 (1)
Gabe McKenzie
12.8%
2004 (1)
Maurice Anderson
12.8%
2005 (1)
Lee Guess
11.1%
2011 (1)
Travante Stallworth
9.4%
Quiz Playlist
Details
Report
Send in Message
Add To Playlist
More Info:
Auburn football players with a receiving touchdown between 2004-2013.
Classic:
Type in answers that appear in a list
Last Updated: Feb 16, 2017
Quiz Scoreboard
CHALLENGE
Sign Up to Join the Scoreboard
Show All
Scores
Hide
Comments
May contain spoilers
Recently Published
5x2 Blitz: Bands
by SL_Kpop136
Music
30s
Colored Red Africa Blitz
by spor1
Geography
30s
Find the 'City' Movie
by crazypaving
Movies
60s
More to Explore
Quiz From the Vault
Featured Blog Post
14 Easter Pick-up Lines to Find Eggs With
hide this ad
You Might Also Like...
Tags
Auburn
Auburn Alabama
Auburn University
Today's Top Quizzes in Sports
Browse Sports
hide this ad
Top Contributed Quizzes in Sports
1
Players with Multiple 50 Home Run Seasons
2
Criteria MLB: Left Handed Sluggers
3
MLB Players with Two .350 Batting Average Seasons
4
Who Hit More Homers?
5
Premier League Clubs since 2000 (minefield)
6
Who Needs Fielders?
7
2020 F1 Drivers Logic Puzzle
8
Les entraîneurs de l'OM et du PSG au 21e siècle
9
Top 10 NHL Goal Scorers of All Time
10
MLB Hall of Famer by Rings
Explore More
Trending Topics
Harry Potter
NBA
Crossword
Disney
Anime
Marvel
Kpop
Puzzle
Country
NFL
WWE
Song
The Office
Soccer
Pokémon
hide this ad
More By:
marcC0RBI
Quiz
Plays
Rating
Category
Featured
Created
Auburn Football - Receiving TDs 2004-2013
235
5.00
Sports
Jul 25, 2014
Auburn Football - NFL Draft Picks since 2000
190
2.00
Sports
Jul 29, 2014
Auburn Football - Opening Opponents by Year
173
1.00
Sports
Aug 8, 2014
Auburn Football - Stat Leaders by Season
124
Sports
Jul 28, 2014
Go to Creator's Profile
Score Distribution
Quiz Creator Spotlight
marcC0RBI
Follow
Send a Message
Quizzes Created
-
Created Quiz Play Count
-
More By This Creator
Popular Quizzes Today
1
Find the 'City' Movie
2
5x2 Blitz: Bands
3
Colored Red Africa Blitz
4
Find the US States - No Outlines Minefield
5
The Countries of the World
6
Find the US States
7
9x9 Crossword: Cartoon Network
8
US States
More Sports Quizzes
English Premier League winners with the name David
Quiz Lab
Trending Quizzes
Colored Red Europe Blitz I
Colored Red Africa Blitz II
Colored Red Europe Blitz III
Colored Red Europe Blitz II
Colored Red Africa Blitz III
Recently Updated
Champions League XIs: Real Madrid
pecheneg
Largest US Cities 1790-2010
pecheneg
Rides in Walt Disney World
pecheneg
Most Oscar Losses (Acting)
pecheneg
Beyoncé Albums
pecheneg
Leaping Animals
pecheneg
Reality TV Shows (A-Z)
bhenderson79
Rickey Henderson's Hall of Fame Teammates
pecheneg
Champions League XIs: Arsenal
pecheneg
Quick Pick: Celebrities in WWE's Hall of Fame
aduchscher
Trending Topics
NBA
Harry Potter
Marvel
Crossword
Kpop
Anime
Disney
Country
Puzzle
NFL
WWE
Song
Soccer
The Office
Pokémon
Your Account Isn't Verified!
In order to create a playlist on Sporcle, you need to verify the email address you used during registration. Go to your
Sporcle Settings
to finish the process.
Report this User
Report this user for behavior that violates our
Community Guidelines
.
Details:
Send Report
Go to the Sporcle.com Mobile Site →
Comments